MARC details
| 000 -CABECERA |
| campo de control de longitud fija |
01304nam a2200313 i 4500 |
| 003 - IDENTIFICADOR DEL NÚMERO DE CONTROL |
| campo de control |
DO-SdBNP |
| 005 - FECHA Y HORA DE LA ÚLTIMA TRANSACCIÓN |
| campo de control |
20250307101656.0 |
| 007 - CAMPO FIJO DE DESCRIPCIÓN FÍSICA--INFORMACIÓN GENERAL |
| campo de control de longitud fija |
ta |
| 008 - DATOS DE LONGITUD FIJA--INFORMACIÓN GENERAL |
| campo de control de longitud fija |
240903s2006 dr c 000 j spa d |
| 040 ## - FUENTE DE LA CATALOGACIÓN |
| Centro catalogador/agencia de origen |
DO-SdBNP |
| Lengua de catalogación |
spa |
| Centro/agencia transcriptor |
BNPHU |
| Normas de descripción |
rda |
| 082 ## - NÚMERO DE LA CLASIFICACIÓN DECIMAL DEWEY |
| Número de documento/Ítem |
L956h |
| Número de edición |
22 |
| 100 1# - ENTRADA PRINCIPAL--NOMBRE DE PERSONA |
| Nombre de persona |
Lulo Gitte, Rubén |
| 9 (RLIN) |
38778 |
| Fechas asociadas al nombre |
1934-2017 |
| Término indicativo de función/relación |
autor |
| 245 10 - MENCIÓN DE TÍTULO |
| Título |
Historia de Moca en fotos / |
| Mención de responsabilidad, etc. |
Rubén Lulo Gitte ; prólogo Antonio Utate Guzmán ; fotografías AGN, Archivo histórico de Santiago, Florencio Ml. Tejada, Marino García |
| 264 #1 - PRODUCCIÓN, PUBLICACIÓN, DISTRIBUCIÓN, FABRICACIÓN Y COPYRIGHT |
| Producción, publicación, distribución, fabricación y copyright |
Moca, República Dominicana : |
| Nombre del de productor, editor, distribuidor, fabricante |
Imprearte EB, |
| Fecha de producción, publicación, distribución, fabricación o copyright |
2006. |
| 300 ## - DESCRIPCIÓN FÍSICA |
| Extensión |
173 páginas, |
| Otras características físicas |
retratos |
| Dimensiones |
18 cm. |
| 336 ## - TIPO DE CONTENIDO |
| Fuente |
rdacontent |
| Término de tipo de contenido |
texto |
| Código de tipo de contenido |
txt |
| 337 ## - TIPO DE MEDIO |
| Fuente |
rdamedia |
| Nombre/término del tipo de medio |
sin mediación |
| Código del tipo de medio |
n |
| 338 ## - TIPO DE SOPORTE |
| Fuente |
rdacarrier |
| Nombre/término del tipo de soporte |
volumen |
| Código del tipo de soporte |
nc |
| 490 1# - MENCIÓN DE SERIE |
| Mención de serie |
Cosas y gentes de mi pueblo |
| 500 ## - NOTA GENERAL |
| Nota general |
Incluye datos biográficos del autor en la página 172-173. |
| 590 ## - NOTA LOCAL (RLIN) |
| Nota local |
Inventariado, 2024/ YL |
| 700 ## - PUNTO DE ACCESO ADICIONAL--NOMBRE DE PERSONA |
| Código de función/relación |
prol. |
| Nombre de persona |
Utate Guzmán, Antonio |
| Término indicativo de función/relación |
prólogo |
| 9 (RLIN) |
86497 |
| 700 ## - PUNTO DE ACCESO ADICIONAL--NOMBRE DE PERSONA |
| Código de función/relación |
fot. |
| Nombre de persona |
Tejada, Florencio Ml. |
| Término indicativo de función/relación |
fotografías |
| 9 (RLIN) |
86498 |
| 700 ## - PUNTO DE ACCESO ADICIONAL--NOMBRE DE PERSONA |
| Código de función/relación |
fot. |
| Nombre de persona |
García, Marino |
| Término indicativo de función/relación |
fotografías |
| 9 (RLIN) |
86499 |
| 710 2# - PUNTO DE ACCESO ADICIONAL--NOMBRE DE ENTIDAD CORPORATIVA |
| Nombre de entidad corporativa o nombre de jurisdicción como elemento de entrada |
Archivo General de la Nación (República Dominicana) |
| Código de función/relación |
fot. |
| Término indicativo de función/relación |
fotografías |
| 9 (RLIN) |
85400 |
| 710 ## - PUNTO DE ACCESO ADICIONAL--NOMBRE DE ENTIDAD CORPORATIVA |
| Código de función/relación |
fot. |
| Nombre de entidad corporativa o nombre de jurisdicción como elemento de entrada |
Archivo histórico de Santiago |
| Término indicativo de función/relación |
fotografías |
| 9 (RLIN) |
86501 |
| 910 ## - DATOS DE OPCIÓN DEL USUARIO (OCLC) |
| Datos de opción del usuario |
YLockward |
| 942 ## - ELEMENTOS DE PUNTO DE ACCESO ADICIONAL (KOHA) |
| Fuente del sistema de clasificación o colocación |
Dewey Decimal Classification |
| Tipo de ítem Koha |
Libro |